02453cam a22003258i 4500001001000000003000600010005001700016008004100033010001500074020001800089020001500107035003900122040010600161042000800267050002100275082001800296100002900314245007600343264005000419300002300469336002600492337002800518338002700546504006600573505087700639520049301516600003602009630005802045650002402103907190707OCoLC20181204100149.0150916s2015 dcu b 001 0 eng  a2015035812 a9781621574156 a1621574156 a(OCoLC)907190707z(OCoLC)933724774 aDLCbengerdacDLCdBTCTAdBDXdYDXCPdOCLCFdJAIdCGPdON8dJP3dNDSdIGRdPULdCDXdQ2VdOCLCQdMZN apcc00aBT225b.L56 2015 a221.64bL733E1 aLimbaugh, David,eauthor14aThe Emmaus code :bfinding Jesus in the Old Testament /cDavid Limbaugh 1aWashington, DC :bRegnery Publishing,c[2015] a420 pages ;c24 cm atextbtxt2rdacontent aunmediatedbn2rdamedia avolumebnc2rdacarrier aIncludes bibliographical references (pages 345-404) and index0 aIntroduction -- In defense of the Old Testament -- Old Testament history: Overview -- Old Testament history: Creation through the United Kingdom -- Old Testament history: Divided Kingdom through Restoration -- All roads lead to Christ: Biblical covenants, part 1 -- All roads lead to Christ: Biblical covenants, part 2 -- All roads lead to Christ: Portraits, offices, creation, and salvation -- All roads lead to Christ: Titles, Christophanies, typology, prophecy, and analogy -- Christ in every book: Genesis -- Christ in every book: Exodus -- Christ in every book: Leviticus through Deuteronomy -- Christ in every book: Joshua through Esther -- Christ in every book: The poetical books -- Christ in every book: Prophets Obadiah through Isaiah -- Christ in every book: Prophets Micah through Habakkuk -- Christ in every book: Prophets Daniel through Malachi -- Conclusion a"In the 2014 New York Times bestseller Jesus on Trial, David Limbaugh made a case for the Gospels as hard evidence of the existence of God, drawing on his own spiritual journey from skeptic to believer. Now, Limbaugh looks deeper into the Scriptures and discovers that Jesus Christ's very being reveals itself in a close reading of the sacred texts. The Emmaus Code is a powerful, intimate journey toward an understanding of Christ as man, savior, and son of God"--cProvided by publisher00aJesus ChristxBiblical teaching00aBible.pOld TestamentxCriticism, interpretation, etc 0aTypology (Theology)